| 000 | 00597nam a22001817a 4500 | ||
|---|---|---|---|
| 003 | CEME | ||
| 005 | 20210628210202.0 | ||
| 008 | 210215b xxu||||| |||| 00| 0 eng d | ||
| 020 | _a0-7923-8489-X | ||
| 040 | _c. | ||
| 082 | _a005.133 SUT | ||
| 100 |
_aSutherland, Stuart _978413 |
||
| 245 | _aThe verilog pli handbook a user's guide and comprehensive reference on the verilog programming language interface | ||
| 260 |
_aBOSTON _bKLUWER ACADEMIC PUBLISHERS _c1999 |
||
| 300 | _aXXII,785P | ||
| 650 |
_aVERILOG PROGRAMMING LANGUAGE VERILOG PLI..VERILOG PLI HANDBOOK _978414 |
||
| 942 |
_cBK _2ddc |
||
| 999 |
_c583537 _d583537 |
||